000 01070nam a2200229Ia 4500
003 OSt
005 20260113070004.0
008 160316s2001 xxu||||| |||| 00| 0 eng d
020 _a9789715290517
040 _cn
082 _a305.23 CRU
100 _aCruz Teresa
245 _aSmall steps, great strides : Doing participatory action research with children /
_bTeresa Cruz
260 _aGermany :
_bPsychoscial Truama and Human Rights ,
_c2001
300 _a195p.;
_cix
365 _b Gratis
505 _aNotes: A project of the Psychosocial Trauma and Human Rights Program, UP Center for Integrative and Development Studies, in cooperation with Arci Cultura E Sviluppo (ARCS); an initiative funded by the Italian Cooperation for Development; printed with the assistance of UNICEF. This is a companion document to Trust and Power: Child Abuse in the Eyes of the Child and the Parent.
650 _aChildren - Cross Cultural Studies
650 _aChildrens - Research Methodology
700 _aProtacio-de Castro Elizabeth
_aBalnon Faye G
942 _2ddc
_cBK
999 _c35303
_d35303